000 004500000a22001810004500
003 MACL
005 20160107172150.0
008 160107b xxu||||| |||| 00| 0 eng d
040 _aMACL
_cMACL
041 _aEnglish
082 _a920.2/SAM
100 _aSamaddar, R N
_929422
245 _aRaja Ram Mohan Roy
260 _bAsian Publication Services
_c1982
_aNew Delhi
350 _a40
650 _aBiography
_929423
942 _cBK
_k920.2/SAM
_2ddc
999 _c33982
_d33982